Depresión en niños y adolescentes: clínica, evaluación y tratamiento

Uloženo v:
Podrobná bibliografie
Hlavní autoři: Shafii, Mohammad (Autor), Shafii, Sharon Lee (Autor)
Médium: Kniha
Jazyk:španělština
Vydáno: Barcelona Martínez Roca 1995
Edice:Biblioteca de Psicología, Psiquiatría y Salud: Serie Clínica
Témata:
Tagy: Přidat tag
Žádné tagy, Buďte první, kdo vytvoří štítek k tomuto záznamu!

MARC

LEADER 00000nam a2200000 a 4500
001 UCQ5880
003 CL-VaPUC
008 981009e19950000SP |||||||||||||||||spa|d
082 0 4 |a 616.852  |b SHA  |2 21 
100 0 |a Shafii, Mohammad  |e author  |9 419875 
700 0 |a Shafii, Sharon Lee  |e author  |9 419876 
245 1 0 |a Depresión en niños y adolescentes: clínica, evaluación y tratamiento 
300 |a 253 p 
942 |c BK 
945 |d 19981009 00:00:00  |a mvenant 
260 |a Barcelona  |b Martínez Roca  |c 1995 
650 7 |a PSICOPATOLOGIA INFANTIL  |2 CL-VaPUC  |9 307474 
650 7 |a PSIQUIATRIA INFANTIL  |2 CL-VaPUC  |9 311183 
650 7 |a DEPRESION INFANTIL  |2 CL-VaPUC  |9 328156 
650 0 |a Depresión   |9 334267 
650 7 |a INFANCIA  |2 CL-VaPUC  |9 419877 
650 0 |a Adolescencia  |9 307361 
650 0 |a Neurobiología   |9 269798 
650 7 |a PSICOTERAPIA INFANTIL  |2 CL-VaPUC  |9 309790 
583 |a last modification  |c 19981009 00:00:00  |k Rodrigo Vera 
490 0 |a Biblioteca de Psicología, Psiquiatría y Salud: Serie Clínica 
999 |c 275978  |d 275976 
952 |0 0  |1 0  |4 0  |6 616_852000000000000_SHA_1995  |7 0  |8 A  |9 313051  |a BIBEDU  |b BIBEDU  |c ES_NOD  |d 2019-11-20  |i 3467651  |o 616.852 SHA 1995  |p 3467651  |r 2023-08-09  |w 2019-11-20  |y BK  |k PSI 
952 |0 0  |1 0  |4 0  |6 616_852000000000000_SHA_1995  |7 0  |8 A  |9 313052  |a BIBEDU  |b BIBEDU  |c ES_NOD  |d 2019-11-20  |i 346766K  |o 616.852 SHA 1995  |p 346766K  |r 2023-08-09  |w 2019-11-20  |y BK  |k PSI